| 000 | 00481nam a22001817a 4500 | ||
|---|---|---|---|
| 005 | 20240116113002.0 | ||
| 008 | 210218b ||||| |||| 00| 0 eng d | ||
| 020 | _a978-1-260-46024-7 | ||
| 041 | _aeng | ||
| 082 | _a615.19 | ||
| 100 |
_aRIEDEL, STEFAN ,MORSE STEPHEN A. , MIETZNER, TIMOTHY AND MILLER, STEVE _98379 |
||
| 245 | _aMEDICAL MICROBIOLOGY | ||
| 250 | _a28TH ED. | ||
| 260 |
_aNEW YORK _bMcGRAW HILL EDUCATION |
||
| 300 | _a867,p | ||
| 650 | _aPHARMACY | ||
| 942 | _cBK | ||
| 999 |
_c7452 _d7450 |
||